00957 2200313 4500001002100000005001500021035002000036007000300056008004100059020002200100040002200122082001600144084001800160090002200178100003700200245007600237250002600313300004000339650002700379700002800406850001200434504003300446264004600479336002100525337003000546338002300576999002200599990002200621INLIS00000000089637520250521032753 a0010-0525000621ta250521s2025 yoia g 0 ind d a978-623-473-634-2 aYOPDYOGbinderda04223a370.154 a370.154 WAO m aCB-D.11 2025-09180 aWa Ode Nurmala MaisarePengarang10aMotivasi dan kemandirian belajar /cWa Ode Nurmala Maisar, Nasrin Muzri aCetakan Februari 2025 aviii,182 halaman :bgambar ;c21 cm 4aMotivasi dalam belajar0 aNasrin MuzriePengarang aYOPDYOG aBibliografi: halaman 177-18031aSleman :bMadani kreatif Publisher,c2025 2rdacontentateks 2rdamediaatanpa perantara 2rdacarrieravolume aCB-D.11/2025-0918 aCB-D.11/2025-0918